00338nam a2200133Ia 4500008004100000041000800041082001200049100001600061245004500077250001400122260002900136300003200165365000700197240624s9999 xx 000 0 und d aeng a510 THU aTHUKRAL J K aMATHEMATICS FOR CA PROFESSIONAL EDUCATIO a(3rd ed.) c2005aNew DelhibTaxmann axviv, : 745 : p. : cm. ; 24 cRS